000 01054cas a2200337 a 4500
001 27197
003 BD-RjUL
005 20211209051126.0
008 140324c19959999iI br p 0 1 f0per c
035 _a(BD-RJUL)27269
040 _aCU
_beng
_cCU
_dCLU
_dDLC
_dWaU
_dTxU
_dUkLSOA
_dOCoLC
_dInU
_dUKMGB
_dCLU
041 _aeng
066 _c(3
_c(4
082 _a958.6
_bRAB 1995
100 _aRahul, ram
_977927
245 0 0 _6880-01
_aBukhārā :
_bthe emirate /
_cRam Rahul
260 _aNew delhi :
_bvikas publisher,
_c1995
300 _a96 p. :
_bill. ;
_c24 cm.
504 _aincludes index
650 0 _aArts
_zIran
_vPeriodicals.
_983479
650 0 _aHumanities
_zIran
_vPeriodicals.
_983480
776 0 8 _iOnline version:
_tBukhārā
_w(OCoLC)607916016
880 0 0 _6245-01/(3/r
_aبخارا :
_bمجلۀ فرهنگى و هنرى.
880 _6260-02/(3/r
_aتهران :
_bع. دهباشى،
_c1998-
942 _2ddc
_cBK
999 _c27197
_d27197